The God who is there : (Record no. 4979)

MARC details
000 -LEADER
fixed length control field 00888cam a22002771a 4500
001 - CONTROL NUMBER
control field 83768
003 - CONTROL NUMBER IDENTIFIER
control field GBCCL
005 - DATE AND TIME OF LATEST TRANSACTION
control field 20241126110531.0
008 - FIXED-LENGTH DATA ELEMENTS--GENERAL INFORMATION
fixed length control field 690311s1968 ilu b 001 0 eng
010 ## -
-- 68029304 //r952
020 ## - INTERNATIONAL STANDARD BOOK NUMBER
International Standard Book Number 0877847118
035 ## - SYSTEM CONTROL NUMBER
System control number (OCoLC)00337379
040 ## - CATALOGING SOURCE
Original cataloging agency DLC
Transcribing agency DLC
Modifying agency LBB
049 ## -
-- LBBT
-- LBBA
-- LBBC
050 00 -
-- BT1102
-- .S3 1968b
082 00 - DEWEY DECIMAL CLASSIFICATION NUMBER
Classification number 239
Item number SCH
090 ## - LOCALLY ASSIGNED LC-TYPE CALL NUMBER (OCLC); LOCAL CALL NUMBER (RLIN)
Classification number (OCLC) (R) ; Classification number, CALL (RLIN) (NR) BT1102
Local cutter number (OCLC) ; Book number/undivided call number, CALL (RLIN) .S3 1968
100 1# - MAIN ENTRY--PERSONAL NAME
Personal name Schaeffer, Francis A.
Fuller form of name (Francis August)
9 (RLIN) 441
245 14 - TITLE STATEMENT
Title The God who is there :
Remainder of title speaking historic Christianity into the twentieth century /
Statement of responsibility, etc. Francis A. Schaeffer.
260 ## - PUBLICATION, DISTRIBUTION, ETC.
Place of publication, distribution, etc. Downers Grove, Ill. :
Name of publisher, distributor, etc. Inter-varsity Press,
Date of publication, distribution, etc. c1968.
300 ## - PHYSICAL DESCRIPTION
Extent 191 p. ;
Dimensions 21 cm.
504 ## - BIBLIOGRAPHY, ETC. NOTE
Bibliography, etc. note Includes bibliographical references (p. 181-187) and index.
650 #0 - SUBJECT ADDED ENTRY--TOPICAL TERM
Topical term or geographic name entry element Apologetics.
9 (RLIN) 85
650 #0 - SUBJECT ADDED ENTRY--TOPICAL TERM
Topical term or geographic name entry element Christianity
Chronological subdivision 20th century.
9 (RLIN) 436
942 ## - ADDED ENTRY ELEMENTS (KOHA)
Source of classification or shelving scheme Dewey Decimal Classification
Koha item type Books
Holdings
Withdrawn status Lost status Source of classification or shelving scheme Damaged status Not for loan Home library Current Library Shelving location Date acquired Total checkouts Full call number Barcode Date last seen Copy number Price effective from Koha item type
    Dewey Decimal Classification     GRACE BIBLE COLLEGE GRACE BIBLE COLLEGE Theology 2018-02-16   239 SCH 000512 2025-05-01 c.1 2018-02-16 Books
© Grace Bible College Library 2025